MARC details
| 000 -LEADER |
| fixed length control field |
01572cam a22002651 4500 |
| 001 - CONTROL NUMBER |
| control field |
10177873 |
| 003 - CONTROL NUMBER IDENTIFIER |
| control field |
BDDh-ASL |
| 005 - DATE AND TIME OF LATEST TRANSACTION |
| control field |
20231015030148.0 |
| 008 - FIXED-LENGTH DATA ELEMENTS--GENERAL INFORMATION |
| fixed length control field |
720920s1937 enkabfg 000 0 eng |
| 010 ## - LIBRARY OF CONGRESS CONTROL NUMBER |
| LC control number |
37019482 |
| 035 ## - SYSTEM CONTROL NUMBER |
| System control number |
(OCoLC)411364 |
| 040 ## - CATALOGING SOURCE |
| Original cataloging agency |
DLC |
| Transcribing agency |
ODaWU |
| Modifying agency |
OCoLC |
| -- |
DLC |
| -- |
BDDh-ASL |
| 042 ## - AUTHENTICATION CODE |
| Authentication code |
premarc |
| 050 00 - LIBRARY OF CONGRESS CALL NUMBER |
| Classification number |
DS421 |
| Item number |
.G34 |
| 082 ## - DEWEY DECIMAL CLASSIFICATION NUMBER |
| Classification number |
954 |
| Item number |
GAL |
| 100 1# - MAIN ENTRY--PERSONAL NAME |
| Personal name |
Garratt, Geoffrey Theodore, |
| Dates associated with a name |
1888-1942, |
| Relator term |
ed. |
| 245 14 - TITLE STATEMENT |
| Title |
The legacy of India / |
| Statement of responsibility, etc. |
edited by G. T. Garratt; with an introduction by the Marquess of Zetland. |
| 260 ## - PUBLICATION, DISTRIBUTION, ETC. |
| Place of publication, distribution, etc. |
Oxford : |
| Name of publisher, distributor, etc. |
The Clarendon Press, |
| Date of publication, distribution, etc. |
1937. |
| 300 ## - PHYSICAL DESCRIPTION |
| Extent |
xviii, 428 p. : |
| Other physical details |
front., illus. (music) 23 pl. on 20 l., fold. map. |
| Dimensions |
19 cm. |
| 505 0# - FORMATTED CONTENTS NOTE |
| Formatted contents note |
India in European literature and thought, by H. G. Rawlinson.--Language and early literature, by F. W. Thomas.--Indian art and archaeology, by K. de B. Codrington.--Philosophy, by S. N. Das Gupta.--Caste and the structure of society, by R. P. Masani.--Buddhism, by de La Vallée Poussin.--Language and literature, by F. W. Thomas.--Muslim architecture in India, by M. S. Briggs.--Hinduism, by S. Radhakrishnan.--The cultural influences of Islam, by Abdul Qadir.--Music, by A. H. Fox Strangways. Additional note [on the harp and flute in India and on the Indian origin of the violin bow] by F. W. Galpin.--Science, by W. E. Clark.--Vernacular literatures, by J. C. Ghosh.--Indo-British civilization, by G. T. Garratt. |
| 651 #0 - SUBJECT ADDED ENTRY--GEOGRAPHIC NAME |
| Geographic name |
India |
| General subdivision |
Civilization. |
| 651 #0 - SUBJECT ADDED ENTRY--GEOGRAPHIC NAME |
| Geographic name |
India |
| General subdivision |
Religion. |
| 906 ## - LOCAL DATA ELEMENT F, LDF (RLIN) |
| a |
7 |
| b |
cbc |
| c |
oclcrpl |
| d |
u |
| e |
ncip |
| f |
19 |
| g |
y-gencatlg |
| 942 ## - ADDED ENTRY ELEMENTS (KOHA) |
| Source of classification or shelving scheme |
Dewey Decimal Classification |
| Koha item type |
Books |